[Event "Skopje, hotel "]
[Site "Skopje, hotel "]
[Date "2014.04.02"]
[Round "6.103"]
[White "Peev, Kosta"]
[Black "Spelec, Darko"]
[Result "0-1"]
[WhiteElo "1786"]
[BlackElo "2033"]
[PlyCount "108"]
[EventDate "2014.03.29"]
[EventType "swiss"]
[EventRounds "9"]

1. d4 e6 2. Nf3 f5 3. c4 Nf6 4. Nc3 Bb4 5. a3 Bxc3+ 6. bxc3 b6 7. Bf4 O-O 8. e3
d6 9. Be2 Qe7 10. O-O Bb7 11. Qb3 Ne4 12. c5 g5 13. cxd6 cxd6 14. Bg3 g4 15.
Bh4 Qe8 16. Ng5 Nxg5 17. Bxg5 Kg7 18. Bb5 Bc6 19. c4 Rf7 20. d5 Bxb5 21. dxe6
Qxe6 22. Qxb5 Nd7 23. Qc6 Re8 24. Rfd1 Ne5 25. Qxd6 Qxd6 26. Rxd6 Nxc4 27. Bh6+
Kg8 28. Rd4 Rc7 29. Rd5 Rc5 30. Rxc5 bxc5 31. Rc1 Rb8 32. h3 Nd2 33. f3 gxf3
34. gxf3 c4 35. e4 Nxf3+ 36. Kf2 Ne5 37. Rg1+ Kf7 38. exf5 Kf6 39. Ke3 Kxf5 40.
Rg7 Rb3+ 41. Kd4 Rd3+ 42. Kc5 Rxh3 43. Bc1 Nd3+ 44. Kxc4 Nxc1 45. Rxa7 h5 46.
a4 Ke6 47. Kd4 Nb3+ 48. Ke4 Rh4+ 49. Kf3 Nd4+ 50. Kg3 Rg4+ 51. Kh3 Nf3 52. Ra8
Ng5+ 53. Kh2 h4 54. a5 Nf3+ 0-1

[Event "Skopje, hotel "]
[Site "Skopje, hotel "]
[Date "2014.04.02"]
[Round "6.104"]
[White "Mihajlovski, Petre"]
[Black "Nikolovski, Martin"]
[Result "0-1"]
[WhiteElo "2007"]
[BlackElo "1761"]
[PlyCount "64"]
[EventDate "2014.03.29"]
[EventType "swiss"]
[EventRounds "9"]

1. d4 d5 2. c4 e6 3. Nc3 c6 4. Nf3 dxc4 5. a4 Bb4 6. e4 b5 7. axb5 cxb5 8. Bd2
Bxc3 9. bxc3 Ne7 10. g3 a6 11. Bg2 Bb7 12. Ng5 h6 13. Qh5 g6 14. Qh3 Nbc6 15.
O-O Na5 16. Bf4 Nb3 17. Ra2 Ng8 18. d5 Qf6 19. dxe6 hxg5 20. exf7+ Kxf7 21.
Qd7+ Qe7 22. Qxe7+ Nxe7 23. Bxg5 Rad8 24. h4 Rd3 25. e5 Bxg2 26. Kxg2 a5 27.
e6+ Ke8 28. Re2 Rf8 29. g4 Nd5 30. Re5 a4 31. h5 gxh5 32. gxh5 Nf4+ 0-1

[Event "Skopje, hotel "]
[Site "Skopje, hotel "]
[Date "2014.04.02"]
[Round "6.105"]
[White "Minko, Dmitry"]
[Black "Nikolovski, Nikola"]
[Result "1/2-1/2"]
[WhiteElo "1703"]
[BlackElo "1996"]
[PlyCount "81"]
[EventDate "2014.03.29"]
[EventType "swiss"]
[EventRounds "9"]

1. e4 c5 2. Nf3 d6 3. d4 cxd4 4. Nxd4 Nf6 5. Nc3 Nc6 6. Bg5 e6 7. f3 h6 8. Be3
e5 9. Nb3 Be6 10. Qd2 Be7 11. O-O-O a5 12. Kb1 a4 13. Nc1 Ra5 14. Qf2 Qd7 15.
a3 O-O 16. g4 Rb8 17. Bb6 Raa8 18. Bb5 Bd8 19. Be3 Qc7 20. N1e2 Na5 21. h4 Nc4
22. Bc1 Nd7 23. Ng3 Nxa3+ 24. bxa3 Qxc3 25. Rxd6 Nf8 26. Bb2 Qa5 27. c4 Be7 28.
Rd3 Rc8 29. Rc1 Ng6 30. h5 Nf4 31. Rdd1 Bc5 32. Qf1 f6 33. Ne2 Nxe2 34. Qxe2
Rd8 35. Rxd8+ Rxd8 36. Rd1 Bd4 37. Bxd4 Rxd4 38. Rxd4 exd4 39. Qd3 Qe1+ 40. Kc2
Qa1 41. Kd2 1/2-1/2

[Event "Skopje, hotel "]
[Site "Skopje, hotel "]
[Date "2014.04.02"]
[Round "6.106"]
[White "Manova, Ivana"]
[Black "Asani, Adem"]
[Result "0-1"]
[WhiteElo "1589"]
[BlackElo "1991"]
[PlyCount "96"]
[EventDate "2014.03.29"]
[EventType "swiss"]
[EventRounds "9"]

1. e4 c5 2. c4 d6 3. Nc3 g6 4. Nf3 Bg7 5. Qc2 Nc6 6. g3 Nf6 7. d3 Bg4 8. Bg2 a6
9. Be3 O-O 10. O-O Rb8 11. a4 Nd7 12. h3 Bxf3 13. Bxf3 Nde5 14. Bg2 Nb4 15. Qb3
Nec6 16. Rad1 e6 17. Rd2 Qc7 18. f4 Nd4 19. Bxd4 Bxd4+ 20. Kh2 Nc6 21. Ne2 Bg7
22. Qd1 Qb6 23. Qc2 Rfe8 24. Nc3 Nd4 25. Qd1 Qb3 26. Na2 Qb6 27. Nc3 Qb4 28.
Na2 Qb3 29. Qxb3 Nxb3 30. Re2 Nd4 31. Ref2 b5 32. axb5 axb5 33. cxb5 Rxb5 34.
Rc1 Reb8 35. Rb1 Rb3 36. Bf1 Nc6 37. Nc1 Rxb2 38. Rbxb2 Bxb2 39. Ne2 Bd4 40.
Nxd4 Nxd4 41. Ra2 Rb1 42. Bg2 Rd1 43. Ra6 Rxd3 44. Rxd6 Nf3+ 45. Bxf3 Rxd6 46.
e5 Rd2+ 47. Kg1 c4 48. Be4 c3 0-1

[Event "Skopje, hotel "]
[Site "Skopje, hotel "]
[Date "2014.04.02"]
[Round "6.107"]
[White "Taylor, Robert Graham"]
[Black "Veljanoski, Andrej"]
[Result "1-0"]
[WhiteElo "1945"]
[BlackElo "1531"]
[PlyCount "73"]
[EventDate "2014.03.29"]
[EventType "swiss"]
[EventRounds "9"]

1. d4 d5 2. Nf3 Bf5 3. g3 Nf6 4. Bg2 e6 5. O-O Bd6 6. c4 c6 7. b3 Nbd7 8. Bb2
O-O 9. Nbd2 Ne4 10. Nh4 Re8 11. Nxf5 exf5 12. f3 Nef6 13. Re1 a6 14. e3 b5 15.
a3 Qc7 16. Qc2 Qb7 17. c5 Bc7 18. Qxf5 Ba5 19. b4 Bc7 20. Qc2 a5 21. e4 h6 22.
e5 Nh7 23. f4 Nb8 24. Bc3 Nd7 25. Nb3 a4 26. Nd2 Qc8 27. Bh3 Qd8 28. Nf3 Ndf8
29. Bd2 Ra7 30. Rf1 Kh8 31. Rae1 Ne6 32. Bxe6 Rxe6 33. f5 Re8 34. Qd3 Kg8 35.
Nh4 Ng5 36. f6 gxf6 37. Rxf6 1-0

[Event "Skopje, hotel "]
[Site "Skopje, hotel "]
[Date "2014.04.02"]
[Round "6.111"]
[White "Grabcheva, Natalia"]
[Black "Krstev, Emil"]
[Result "0-1"]
[WhiteElo "1566"]
[BlackElo "2156"]
[PlyCount "64"]
[EventDate "2014.03.29"]
[EventType "swiss"]
[EventRounds "9"]

1. b3 e5 2. Bb2 Nc6 3. e3 d5 4. Bb5 Bd6 5. h3 a6 6. Bxc6+ bxc6 7. Nf3 f6 8. d3
Be6 9. c4 Ne7 10. Nc3 g5 11. Qc2 Ng6 12. Ne2 Bb4+ 13. Bc3 Qe7 14. Bxb4 Qxb4+
15. Qc3 a5 16. Nd2 Qd6 17. a4 Kd7 18. c5 Qf8 19. g3 Qh6 20. g4 Bxg4 21. f3 Qh4+
22. Kd1 Be6 23. Kc2 Qf2 24. Rae1 Qxe3 25. d4 Bf5+ 26. Kb2 Qf2 27. Kc1 Bxh3 28.
Ne4 dxe4 29. Rxh3 e3 30. Ng1 Nf4 31. Rh1 Nd3+ 32. Qxd3 Qxe1+ 0-1

[Event "Skopje, hotel "]
[Site "Skopje, hotel "]
[Date "2014.04.02"]
[Round "6.112"]
[White "Arda, Doga Su"]
[Black "Becking, Franz Josef"]
[Result "0-1"]
[WhiteElo "1367"]
[BlackElo "1943"]
[PlyCount "63"]
[EventDate "2014.03.29"]
[EventType "swiss"]
[EventRounds "9"]

1. e4 d6 2. d4 Nf6 3. Nc3 Nbd7 4. f4 e6 5. Nf3 c5 6. dxc5 Nxc5 7. e5 Nfe4 8.
Nxe4 Nxe4 9. Be3 Qa5+ 10. c3 dxe5 11. Nxe5 Bd6 12. Nc4 Qd5 13. Nxd6+ Nxd6 14.
Qxd5 exd5 15. O-O-O Be6 16. Bd4 f6 17. Be2 Kf7 18. g4 Rhe8 19. Rhe1 Ne4 20. Bg1
d4 21. Rxd4 f5 22. Bc4 Nf6 23. Rxe6 Rxe6 24. gxf5 g6 25. fxe6+ Ke7 26. Bf2 Ng4
27. Bh4+ Ke8 28. Bb5+ Kf8 29. e7+ Kf7 30. e8=Q+ Rxe8 31. Bxe8+ Kxe8 32. Re4+
0-1

[Event "Skopje MKD"]
[Site "Skopje MKD"]
[Date "2014.04.03"]
[Round "7.1"]
[White "Salgado Lopez, Ivan"]
[Black "Peralta, Fernando"]
[Result "1-0"]
[WhiteElo "2605"]
[BlackElo "2613"]
[PlyCount "147"]
[EventDate "2014.03.29"]
[EventType "swiss"]
[EventRounds "9"]

1. e4 c6 2. Nf3 d5 3. Nc3 dxe4 4. Nxe4 Nf6 5. Nxf6+ exf6 6. Bc4 Bd6 7. Qe2+ Qe7
8. Qxe7+ Kxe7 9. O-O Be6 10. Be2 Nd7 11. d4 Rhe8 12. Bd3 Kf8 13. Nd2 Rad8 14.
Nc4 Bxc4 15. Bxc4 c5 16. Be3 cxd4 17. Bxd4 Bc5 18. Bxc5+ Nxc5 19. Rfd1 a6 20.
Bd5 b5 21. b3 Rd6 22. Bf3 Red8 23. Rxd6 Rxd6 24. Kf1 f5 25. Ke2 Ke7 26. Ke3 g5
27. g3 Ke6 28. Be2 Ke5 29. f4+ Kf6 30. fxg5+ Kxg5 31. Bf3 Ne4 32. h4+ Kf6 33.
Bxe4 Re6 34. Rd1 Rxe4+ 35. Kf3 Re6 36. c3 Rc6 37. Rd3 Ke5 38. Re3+ Kf6 39. Kf4
Rc5 40. Rd3 Rc6 41. Rd5 Rxc3 42. Rd6+ Kg7 43. Rxa6 h5 44. Ra5 b4 45. Rxf5 Kg6
46. Rg5+ Kh6 47. Rb5 Rc2 48. Rxb4 Rxa2 49. Rb6+ Kg7 50. Rd6 Re2 51. Rd3 Kf6 52.
Re3 Rd2 53. Ke4 Ke6 54. b4 Rb2 55. Kd4+ Kd6 56. Kc4 Kc6 57. Rf3 Rc2+ 58. Kb3
Rg2 59. Ka4 Ra2+ 60. Ra3 Rf2 61. Ka5 f5 62. Ka6 f4 63. b5+ Kd7 64. b6 fxg3 65.
Rxg3 Ra2+ 66. Kb7 Ra4 67. Rh3 Rb4 68. Ka7 Ra4+ 69. Kb8 Rb4 70. b7 Ke6 71. Kc7
Rc4+ 72. Kb6 Rb4+ 73. Kc6 Kf5 74. Rg3 1-0

[Event "Skopje MKD"]
[Site "Skopje MKD"]
[Date "2014.04.03"]
[Round "7.2"]
[White "Anton Guijarro, David"]
[Black "Markus, Robert"]
[Result "1/2-1/2"]
[WhiteElo "2559"]
[BlackElo "2608"]
[PlyCount "129"]
[EventDate "2014.03.29"]
[EventType "swiss"]
[EventRounds "9"]

1. d4 Nf6 2. c4 g6 3. Nf3 Bg7 4. g3 O-O 5. Bg2 d6 6. O-O Nbd7 7. Nc3 e5 8. e4
c6 9. Be3 Ng4 10. Bg5 f6 11. Bd2 Nh6 12. Qc2 Nf7 13. Rad1 Qe7 14. Rfe1 Ng5 15.
Nxg5 fxg5 16. d5 c5 17. Nb5 Nb8 18. b4 Na6 19. a3 g4 20. Rb1 Rf7 21. Be3 b6 22.
Rb2 h5 23. Ra1 Kh7 24. Qd2 Qf8 25. bxc5 Nxc5 26. a4 Nb7 27. c5 Nxc5 28. a5 Ba6
29. Nc3 Bh6 30. Bxh6 Qxh6 31. Qxh6+ Kxh6 32. axb6 Rb7 33. Bf1 Bxf1 34. Kxf1
Rab8 35. Na4 axb6 36. Nxc5 bxc5 37. Rxb7 Rxb7 38. Ra6 Rb4 39. Rxd6 Rxe4 40. Rc6
c4 41. d6 Rd4 42. d7 Rxd7 43. Rxc4 Kg5 44. Rc6 Kf5 45. Kg2 Rd2 46. Ra6 Rb2 47.
Rc6 Rb8 48. Kf1 Rh8 49. Kg2 Rf8 50. Rc7 Rf6 51. Rc8 Ke4 52. Rd8 Rf5 53. Rd6 g5
54. Ra6 Rf8 55. Rh6 Kd3 56. Kf1 Rf5 57. Rh8 h4 58. gxh4 gxh4 59. Rxh4 e4 60.
Rh8 e3 61. Rd8+ Kc4 62. Ke2 Rxf2+ 63. Kxe3 Rxh2 64. Rd4+ Kc5 65. Rxg4 1/2-1/2

[Event "Skopje MKD"]
[Site "Skopje MKD"]
[Date "2014.04.03"]
[Round "7.3"]
[White "Golod, Vitali"]
[Black "Predojevic, Borki"]
[Result "1/2-1/2"]
[WhiteElo "2573"]
[BlackElo "2607"]
[PlyCount "30"]
[EventDate "2014.03.29"]
[EventType "swiss"]
[EventRounds "9"]

1. d4 d5 2. c4 c6 3. Nf3 Nf6 4. e3 Bg4 5. h3 Bxf3 6. Qxf3 e6 7. Nc3 Bd6 8. Bd3
O-O 9. O-O Nbd7 10. Rd1 Re8 11. Qe2 Qe7 12. Bd2 dxc4 13. Bxc4 Nb6 14. Bb3 e5
15. dxe5 Bxe5 1/2-1/2

[Event "Skopje MKD"]
[Site "Skopje MKD"]
[Date "2014.04.03"]
[Round "7.4"]
[White "Henrichs, Thomas"]
[Black "Vovk, Andrey"]
[Result "0-1"]
[WhiteElo "2496"]
[BlackElo "2605"]
[PlyCount "68"]
[EventDate "2014.03.29"]
[EventType "swiss"]
[EventRounds "9"]

1. d4 Nf6 2. c4 g6 3. Nc3 Bg7 4. e4 d6 5. Be2 O-O 6. Bg5 c5 7. d5 b5 8. cxb5 a6
9. a4 Qa5 10. Bd2 axb5 11. Bxb5 Qb4 12. f3 c4 13. Nge2 Nfd7 14. O-O Nc5 15. Na2
Qxb2 16. Bc3 Bxc3 17. Nexc3 Bd7 18. Rb1 Qa3 19. Qc1 Qxc1 20. Rfxc1 Bxb5 21.
axb5 Nbd7 22. Rc2 Nb6 23. Nb4 Ra3 24. Nc6 e5 25. dxe6 fxe6 26. Rd1 Nd3 27. Na2
Rfa8 28. Nab4 Ra1 29. Rcd2 Nxb4 30. Nxb4 c3 31. Nc2 Rxd1+ 32. Rxd1 Ra2 33. Rxd6
Rxc2 34. Rxb6 Rd2 0-1

[Event "Skopje MKD"]
[Site "Skopje MKD"]
[Date "2014.04.03"]
[Round "7.5"]
[White "Bok, Benjamin"]
[Black "Iturrizaga Bonelli, Eduardo"]
[Result "1/2-1/2"]
[WhiteElo "2575"]
[BlackElo "2645"]
[PlyCount "48"]
[EventDate "2014.03.29"]
[EventType "swiss"]
[EventRounds "9"]

1. e4 c5 2. Nf3 e6 3. d4 cxd4 4. Nxd4 Nc6 5. Nc3 Qc7 6. Be2 a6 7. O-O Nf6 8.
Be3 Be7 9. f4 d6 10. Qe1 O-O 11. Qg3 Bd7 12. e5 Ne8 13. Nxc6 Bxc6 14. Bd3 g6
15. Rae1 dxe5 16. fxe5 Ng7 17. Kh1 f5 18. exf6 Qxg3 19. hxg3 Rxf6 20. g4 Raf8
21. Kg1 Rxf1+ 22. Rxf1 Rxf1+ 23. Kxf1 Bf6 24. Nd1 Kf7 1/2-1/2

[Event "Skopje MKD"]
[Site "Skopje MKD"]
[Date "2014.04.03"]
[Round "7.7"]
[White "Salem, Aylem"]
[Black "Ivanisevic, Ivan"]
[Result "1-0"]
[WhiteElo "2558"]
[BlackElo "2633"]
[PlyCount "57"]
[EventDate "2014.03.29"]
[EventType "swiss"]
[EventRounds "9"]

1. e4 c5 2. Nf3 Nf6 3. Nc3 d5 4. e5 d4 5. Na4 Nfd7 6. e6 fxe6 7. b4 cxb4 8.
Nxd4 Nf6 9. Bb5+ Bd7 10. Nxe6 Qa5 11. c4 Kf7 12. Ng5+ Kg8 13. Nc5 Bg4 14. Be8
g6 15. Qxg4 Nxg4 16. Bf7+ Kg7 17. Nce6+ Kf6 18. f4 h6 19. Bb2+ Kf5 20. Nd4+ Kf6
21. Nb3+ e5 22. Nxa5 Nc6 23. Nxc6 bxc6 24. Be6 hxg5 25. Bxg4 gxf4 26. Bf3 Bc5
27. Bxc6 Rad8 28. Bd5 Kf5 29. d3 1-0

[Event "Skopje MKD"]
[Site "Skopje MKD"]
[Date "2014.04.03"]
[Round "7.8"]
[White "Georgiev, Kiril"]
[Black "Parligras, Mircea Emilian"]
[Result "1-0"]
[WhiteElo "2625"]
[BlackElo "2572"]
[PlyCount "77"]
[EventDate "2014.03.29"]
[EventType "swiss"]
[EventRounds "9"]

1. d4 Nf6 2. c4 e6 3. Nf3 d5 4. Nc3 Bb4 5. Qa4+ Nc6 6. e3 O-O 7. Bd2 dxc4 8.
Bxc4 Bd6 9. Qc2 e5 10. d5 Ne7 11. O-O a6 12. a3 h6 13. h3 b5 14. Ba2 Bb7 15. e4
c6 16. dxc6 Bxc6 17. Rad1 Qc7 18. Bxh6 gxh6 19. Qd2 Bc5 20. Qxh6 Nxe4 21. Bb1
Nf5 22. Qh5 Ng7 23. Qh4 Be7 24. Qh6 Nf5 25. Qc1 Qb7 26. Nxe5 Ned6 27. Rxd6 Bxd6
28. Qg5+ Ng7 29. Qh6 Rfe8 30. Bh7+ Kf8 31. Qxd6+ Qe7 32. Qxe7+ Rxe7 33. Nxc6
Rd7 34. Be4 Rd2 35. Rb1 Re8 36. Na5 f5 37. Nb3 Rd6 38. Bf3 Re5 39. Kf1 1-0

[Event "Skopje MKD"]
[Site "Skopje MKD"]
[Date "2014.04.03"]
[Round "7.9"]
[White "Damljanovic, Branko"]
[Black "Rozentalis, Eduardas"]
[Result "1/2-1/2"]
[WhiteElo "2566"]
[BlackElo "2623"]
[PlyCount "137"]
[EventDate "2014.03.29"]
[EventType "swiss"]
[EventRounds "9"]

1. c4 e6 2. Nf3 Nf6 3. g3 b6 4. Bg2 Bb7 5. O-O Be7 6. d4 O-O 7. Re1 c5 8. d5
exd5 9. Nh4 Ne4 10. cxd5 Bxh4 11. Bxe4 Bf6 12. Nc3 d6 13. Bf4 Qe7 14. Qc2 h6
15. Rad1 Nd7 16. Bh7+ Kh8 17. Bf5 Rfe8 18. Qa4 Ne5 19. Bb1 a6 20. Ne4 Rad8 21.
Qc2 Ng6 22. Nxf6 Qxf6 23. b3 b5 24. Bc1 b4 25. f4 Nf8 26. Bb2 Qg6 27. e4 Qg4
28. Qg2 Bc8 29. Bd3 Qh5 30. Bf1 f6 31. h3 Bd7 32. g4 Qh4 33. Bc1 h5 34. Be2 Bb5
35. Bf3 hxg4 36. hxg4 Kg8 37. Be3 g5 38. e5 fxe5 39. Bf2 Qh8 40. f5 Nd7 41. Be3
Qg7 42. Qd2 e4 43. Bg2 Re5 44. Bh3 Nf6 45. a4 Rxd5 46. Qh2 Rxd1 47. Rxd1 Bd3
48. Qd2 Nh7 49. Bf1 Qe5 50. Bxg5 Qg3+ 51. Bg2 Rd7 52. Qf4 Qxf4 53. Bxf4 d5 54.
g5 c4 55. bxc4 dxc4 56. Bxe4 b3 57. Bc6 Rd4 58. Be5 Rg4+ 59. Kf2 Nxg5 60. Bd5+
Kf8 61. Ke3 Nf7 62. Bc3 Bxf5 63. Rf1 Bg6 64. Rf4 Rxf4 65. Kxf4 Bd3 66. Bxf7
Kxf7 67. a5 Ke6 68. Ke3 Kd5 69. Kd2 1/2-1/2

[Event "Skopje MKD"]
[Site "Skopje MKD"]
[Date "2014.04.03"]
[Round "7.10"]
[White "Blagojevic, Dragisa"]
[Black "Grandelius, Nils"]
[Result "0-1"]
[WhiteElo "2517"]
[BlackElo "2600"]
[PlyCount "130"]
[EventDate "2014.03.29"]
[EventType "swiss"]
[EventRounds "9"]

1. d4 Nf6 2. c4 g6 3. Nf3 Bg7 4. g3 O-O 5. Bg2 d6 6. O-O c6 7. Nc3 Qa5 8. e4 e5
9. h3 Nbd7 10. Qc2 b5 11. dxe5 dxe5 12. Re1 Bb7 13. Bd2 Qc7 14. Be3 b4 15. Na4
c5 16. Nd2 Rfd8 17. Nb3 Bf8 18. Rad1 a5 19. f3 Qc6 20. Nc1 Nh5 21. Kh2 Ng7 22.
Nd3 Ne6 23. b3 Qc7 24. f4 Bc6 25. Nxe5 Nxe5 26. fxe5 Bxa4 27. bxa4 Nd4 28. Qf2
Bg7 29. Bxd4 Rxd4 30. Rxd4 cxd4 31. Bf1 Bxe5 32. Bd3 Rb8 33. Rb1 Rb6 34. Kg2
Rf6 35. Qe1 h5 36. Rb2 Qc6 37. Qd1 Qc7 38. Qe1 Qc6 39. Qd1 Bc7 40. Rf2 Rxf2+
41. Kxf2 Qd6 42. Qf3 Qd7 43. g4 h4 44. e5 Qe8 45. Qe4 Bxe5 46. c5 Qe6 47. Kf3
Qf6+ 48. Ke2 Bg3 49. Bc4 Kg7 50. Qf3 d3+ 51. Qxd3 Qf2+ 52. Kd1 Qxc5 53. Qd5 Qf2
54. Qd2 Qf3+ 55. Qe2 Qc6 56. Kc2 Qxa4+ 57. Kb2 Qc6 58. Kb3 Bd6 59. Qf1 a4+ 60.
Kc2 Qe4+ 61. Qd3 Qg2+ 62. Kd1 Qg1+ 63. Qf1 Qd4+ 64. Kc2 Bf4 65. Qd3 Qa1 0-1

[Event "Skopje MKD"]
[Site "Skopje MKD"]
[Date "2014.04.03"]
[Round "7.11"]
[White "Georgescu, Tiberiu"]
[Black "Nevednichy, Vladislav"]
[Result "1-0"]
[WhiteElo "2468"]
[BlackElo "2591"]
[PlyCount "67"]
[EventDate "2014.03.29"]
[EventType "swiss"]
[EventRounds "9"]

1. d4 Nf6 2. c4 d6 3. Nc3 g6 4. e4 Bg7 5. f3 a6 6. Be3 c6 7. Bd3 b5 8. e5 Nfd7
9. f4 bxc4 10. Bxc4 Nb6 11. Bd3 a5 12. Nf3 Na6 13. a3 O-O 14. O-O Nc7 15. Qe2
Ncd5 16. Bd2 c5 17. dxc5 dxc5 18. Rad1 e6 19. Ng5 Rb8 20. Qf3 h6 21. Nge4 c4
22. Bc2 Bb7 23. Qh3 Qe7 24. Nd6 Bc6 25. Rf2 Rfd8 26. Nce4 Qa7 27. f5 exf5 28.
Bxh6 Bxe5 29. Nxf5 Nd7 30. Bg5 f6 31. Rxd5 gxf5 32. Nxf6+ Nxf6 33. Rxd8+ Rxd8
34. Qh7+ 1-0

[Event "Skopje MKD"]
[Site "Skopje MKD"]
[Date "2014.04.03"]
[Round "7.12"]
[White "Roiz, Michael"]
[Black "Antic, Dejan"]
[Result "1-0"]
[WhiteElo "2591"]
[BlackElo "2462"]
[PlyCount "86"]
[EventDate "2014.03.29"]
[EventType "swiss"]
[EventRounds "9"]

1. d4 e6 2. g3 c5 3. Nf3 cxd4 4. Nxd4 d5 5. Bg2 Nf6 6. O-O e5 7. Nb3 Be6 8. c4
Nc6 9. cxd5 Nxd5 10. Bd2 Be7 11. Nc3 O-O 12. Rc1 Nxc3 13. Rxc3 Qb6 14. Be3 Qb5
15. Qd3 Qa4 16. a3 Rfd8 17. Qc2 Bd5 18. Rc1 Bxg2 19. Kxg2 Qg4 20. h3 Qe6 21.
Qe4 f5 22. Qc4 Qxc4 23. Rxc4 Kf7 24. Nc5 Bxc5 25. Rxc5 Ke6 26. b4 a6 27. b5
axb5 28. Rxb5 Rd7 29. Rcb1 Rxa3 30. Rxb7 Rxb7 31. Rxb7 Kf6 32. Bc5 Ra8 33. Rc7
Nd8 34. Be7+ Kg6 35. Rc5 e4 36. e3 Ne6 37. Rb5 Kf7 38. Bb4 g6 39. g4 Ra4 40.
Kf1 h6 41. gxf5 Ng5 42. h4 Nf3 43. fxg6+ Kxg6 1-0

[Event "Skopje MKD"]
[Site "Skopje MKD"]
[Date "2014.04.03"]
[Round "7.13"]
[White "Smirnov, Artem"]
[Black "Kozul, Zdenko"]
[Result "0-1"]
[WhiteElo "2445"]
[BlackElo "2586"]
[PlyCount "72"]
[EventDate "2014.03.29"]
[EventType "swiss"]
[EventRounds "9"]

1. d4 Nf6 2. Bg5 Ne4 3. Bf4 d5 4. f3 Nf6 5. Nc3 e6 6. e4 Bb4 7. Qd3 O-O 8.
O-O-O a6 9. Nh3 Be7 10. exd5 Nxd5 11. Nxd5 exd5 12. g4 Nc6 13. Kb1 Re8 14. c3
b5 15. Qc2 Rb8 16. Bd3 h6 17. Rhe1 Na5 18. Qg2 g5 19. Bc1 Nc4 20. f4 b4 21.
cxb4 Bxb4 22. Rxe8+ Qxe8 23. Qxd5 Nxb2 24. Bxb2 Ba3 25. Nxg5 Rxb2+ 26. Ka1 Rb6
27. Ne4 Bb2+ 28. Kb1 Bxd4+ 29. Kc2 Qa4+ 30. Kd2 Qb4+ 31. Ke2 Bxg4+ 32. Kf1 Bh3+
33. Ke2 Qb2+ 34. Nd2 Re6+ 35. Be4 Bg4+ 36. Kf1 Bxd1 0-1

[Event "Skopje MKD"]
[Site "Skopje MKD"]
[Date "2014.04.03"]
[Round "7.14"]
[White "Oltian, Vata"]
[Black "Bachmann, Axel"]
[Result "0-1"]
[WhiteElo "2022"]
[BlackElo "2575"]
[PlyCount "92"]
[EventDate "2014.03.29"]
[EventType "swiss"]
[EventRounds "9"]

1. e4 c5 2. Nf3 e6 3. b3 b6 4. Bb2 Bb7 5. Nc3 Nc6 6. Be2 a6 7. O-O Qc7 8. Re1
Nf6 9. h3 Bd6 10. Bf1 Nd4 11. d3 Nxf3+ 12. Qxf3 Bh2+ 13. Kh1 Be5 14. Nd1 O-O
15. Bxe5 Qxe5 16. Ne3 b5 17. Qg3 Qxg3 18. fxg3 d6 19. Be2 Nd7 20. Rad1 Rfd8 21.
c3 Kf8 22. Bf3 Rac8 23. d4 cxd4 24. cxd4 Rc3 25. Rd2 Rdc8 26. d5 Rc1 27. Rxc1
Rxc1+ 28. Kh2 Ke7 29. dxe6 fxe6 30. Re2 Ne5 31. Rc2 Rxc2 32. Nxc2 Nd3 33. b4
Nc1 34. a3 Nb3 35. Kg1 Nd2 36. e5 Bxf3 37. exd6+ Kxd6 38. gxf3 Nxf3+ 39. Kf2
Ne5 40. Ke3 Kd5 41. h4 Nc4+ 42. Kd3 e5 43. Kc3 h5 44. Na1 Nxa3 45. Nb3 Nc4 46.
Nc5 a5 0-1

[Event "Skopje MKD"]
[Site "Skopje MKD"]
[Date "2014.04.03"]
[Round "7.15"]
[White "Berkes, Ferenc"]
[Black "Nakhbayeva, Guliskhan"]
[Result "1-0"]
[WhiteElo "2687"]
[BlackElo "2293"]
[PlyCount "71"]
[EventDate "2014.03.29"]
[EventType "swiss"]
[EventRounds "9"]

1. e4 e6 2. d4 d5 3. Nd2 c5 4. Ngf3 cxd4 5. Nxd4 Nf6 6. exd5 Nxd5 7. N2f3 Bb4+
8. Bd2 O-O 9. Bd3 Bxd2+ 10. Qxd2 e5 11. Ne2 Nc6 12. O-O-O Nf6 13. Nxe5 Nxe5 14.
Bxh7+ Kxh7 15. Qxd8 Rxd8 16. Rxd8 g6 17. Nd4 Kg7 18. Re1 Nc6 19. Nxc6 bxc6 20.
f3 Rb8 21. g4 g5 22. Re5 Kg6 23. Rc5 Ra8 24. Kd2 a6 25. c4 Bb7 26. Rd6 Re8 27.
f4 gxf4 28. g5 Rd8 29. Rxd8 Ne4+ 30. Ke2 Nxc5 31. b4 Ne6 32. Rb8 Kxg5 33. Rxb7
f5 34. Kf2 Nd4 35. a4 f3 36. Rd7 1-0

[Event "Skopje MKD"]
[Site "Skopje MKD"]
[Date "2014.04.03"]
[Round "7.16"]
[White "Drazic, Sinisa"]
[Black "Romanov, Evgeny"]
[Result "1/2-1/2"]
[WhiteElo "2415"]
[BlackElo "2636"]
[PlyCount "105"]
[EventDate "2014.03.29"]
[EventType "swiss"]
[EventRounds "9"]

1. c4 e5 2. Nc3 Nf6 3. g3 Bb4 4. Bg2 O-O 5. Nf3 Bxc3 6. dxc3 d6 7. O-O Bd7 8.
Ne1 Bc6 9. Bg5 a6 10. Bxf6 Qxf6 11. Nc2 Bxg2 12. Kxg2 Nd7 13. e4 Qg6 14. f3 f5
15. exf5 Rxf5 16. Ne3 Rf7 17. Qc2 Qh5 18. Rf2 Nc5 19. Raf1 Raf8 20. h4 a5 21.
b3 c6 22. Qb1 e4 23. fxe4 Rxf2+ 24. Rxf2 Rxf2+ 25. Kxf2 Qe5 26. Kf3 Qxc3 27.
Qc2 Qf6+ 28. Kg2 Qd4 29. Nf5 Qe5 30. Kf3 h5 31. Ne3 Qf6+ 32. Kg2 Qd4 33. Kf3
Kf7 34. Nf1 a4 35. bxa4 g6 36. Nd2 Qg1 37. Nb3 Nd7 38. Qf2 Ne5+ 39. Ke3+ Qxf2+
40. Kxf2 Nxc4 41. Kf3 Kf6 42. Kf4 Nb2 43. Na5 Nd3+ 44. Ke3 Nc5 45. Kd4 Ne6+ 46.
Ke3 Nd8 47. Kf4 c5 48. g4 Ne6+ 49. Ke3 Nd8 50. gxh5 gxh5 51. Kf4 Ne6+ 52. Ke3
Nd8 53. Kf4 1/2-1/2

[Event "Skopje MKD"]
[Site "Skopje MKD"]
[Date "2014.04.03"]
[Round "7.17"]
[White "Fier, Alexandr Hilario T"]
[Black "Roeder, Mathias"]
[Result "0-1"]
[WhiteElo "2595"]
[BlackElo "2416"]
[PlyCount "112"]
[EventDate "2014.03.29"]
[EventType "swiss"]
[EventRounds "9"]

1. e4 c5 2. Nf3 d6 3. d4 cxd4 4. Nxd4 Nf6 5. Nc3 a6 6. Bg5 e6 7. f4 h6 8. Bh4
Qb6 9. Qd2 Qxb2 10. Rb1 Qa3 11. e5 dxe5 12. fxe5 Nfd7 13. Ne4 Qxa2 14. Rd1 Qd5
15. Qe3 Qxe5 16. Be2 Bc5 17. Bg3 Bxd4 18. Rxd4 Qa5+ 19. Rd2 O-O 20. Bd6 f5 21.
Bxf8 Nxf8 22. Nd6 Nbd7 23. Bc4 Qa1+ 24. Kf2 Qxh1 25. Bxe6+ Nxe6 26. Qxe6+ Kh8
27. Nf7+ Kh7 28. Qxf5+ g6 29. Qf4 Kg7 30. Nd8 Qa1 31. Ne6+ Kg8 32. Rd4 Qa5 33.
Nc7 Rb8 34. Nd5 Qc5 35. Kg3 g5 36. Qe4 Qd6+ 37. Kf2 Ne5 38. Kg1 Bd7 39. Ne3 Bc6
40. Rxd6 Bxe4 41. Re6 Bc6 42. Rxe5 Re8 43. Rxe8+ Bxe8 44. Kf2 Kf7 45. Ke2 Ke6
46. Kd3 a5 47. g3 b5 48. Nd1 Bg6+ 49. Kc3 Ke5 50. Nf2 Bf5 51. Kd2 Kd4 52. Nd1
Be6 53. Nc3 Bc4 54. Nd1 Ke4 55. Ne3 Be6 56. Ke2 b4 0-1

[Event "Skopje MKD"]
[Site "Skopje MKD"]
[Date "2014.04.03"]
[Round "7.18"]
[White "Jumabayev, Rinat"]
[Black "Zlatanovic, Boroljub"]
[Result "1-0"]
[WhiteElo "2580"]
[BlackElo "2398"]
[PlyCount "63"]
[EventDate "2014.03.29"]
[EventType "swiss"]
[EventRounds "9"]

1. d4 g6 2. e4 Bg7 3. Nc3 c6 4. f4 d5 5. e5 h5 6. Be3 Nh6 7. Nf3 Bg4 8. h3 Bxf3
9. Qxf3 Nf5 10. Bf2 h4 11. Bd3 e6 12. O-O Nd7 13. Ne2 a5 14. a4 Bf8 15. b3 Rc8
16. Rfd1 Be7 17. Kh1 Kf8 18. Ng1 c5 19. c4 Nb6 20. Bxf5 gxf5 21. Be1 Ra8 22.
Ne2 Qe8 23. Nc3 cxd4 24. Nb5 Qb8 25. cxd5 Nxd5 26. Nxd4 Ra6 27. Nxf5 exf5 28.
Rxd5 Rg8 29. Qh5 Rag6 30. Bxh4 Qe8 31. Bxe7+ Qxe7 32. Rad1 1-0

[Event "Skopje MKD"]
[Site "Skopje MKD"]
[Date "2014.04.03"]
[Round "7.19"]
[White "Grigoriants, Sergey"]
[Black "Petrisor, Adrian Marian"]
[Result "1-0"]
[WhiteElo "2574"]
[BlackElo "2406"]
[PlyCount "61"]
[EventDate "2014.03.29"]
[EventType "swiss"]
[EventRounds "9"]

1. Nf3 Nf6 2. c4 e6 3. g3 d5 4. Bg2 Be7 5. O-O O-O 6. d4 c6 7. Nbd2 Nbd7 8. b3
b6 9. Bb2 Bb7 10. Qc2 Rc8 11. Rad1 c5 12. dxc5 Bxc5 13. Qb1 Qe7 14. cxd5 exd5
15. Bh3 Rc7 16. Rfe1 Ba6 17. e4 Bb4 18. exd5 Qd6 19. Ng5 h6 20. Nde4 Nxe4 21.
Nxe4 Qg6 22. d6 Rb7 23. Bc3 Ba3 24. Rd5 f5 25. Bxf5 Rxf5 26. Rxf5 Qxf5 27. Nf6+
Qxf6 28. Bxf6 Nxf6 29. b4 Bc4 30. Qc2 Bb5 31. Qc3 1-0